100 Biggest Cities in Wales on a Map - Statistics

General Stats
  • This quiz has been taken 11 times
  • The average score is 32 of 100
Answers on the Map
Answers color-coded by a green-red scale on the quiz's map according to % correct below.
 
Answer Stats
Population Answer % Correct
368,065 Cardiff
100%
138,615 Newport
89%
180,863 Swansea
89%
46,133 Wrexham
89%
18,682 Bangor
67%
40,953 Neath
67%
15,677 Aberystwyth
56%
58,388 Barry
56%
53,296 Bridgend
56%
12,027 Holyhead
56%
39,694 Merthyr Tydfil
56%
7,854 Pembroke
56%
33,416 Caerphilly
44%
29,030 Colwyn Bay
44%
14,746 Llandudno
44%
42,685 Llanelli
44%
18,278 Maesteg
44%
16,444 Prestatyn
44%
27,897 Rhyl
44%
5,664 Welshpool
44%
6,328 Abercynon
33%
38,502 Aberdare
33%
14,045 Abergavenny
33%
8,501 Ammanford
33%
8,099 Bargod
33%
12,627 Blackwood
33%
5,761 Blaenavon
33%
8,350 Brecon
33%
13,352 Buckley
33%
7,274 Caerleon
33%
10,043 Caernarfon
33%
16,875 Carmarthen
33%
12,561 Chepstow
33%
15,848 Conwy
33%
8,486 Denbigh
33%
20,070 Ebbw Vale
33%
13,075 Flint
33%
12,789 Haverfordwest
33%
14,627 Milford Haven
33%
10,039 Mold
33%
10,353 Monmouth
33%
7,704 Newbridge
33%
11,087 Newtown
33%
29,049 Pontypool
33%
33,915 Pontypridd
33%
13,467 Porth
33%
15,988 Porthcawl
33%
31,751 Port Talbot
33%
5,892 Ruthin
33%
8,843 Abergele
22%
7,676 Abersychan
22%
10,337 Abertillery
22%
5,542 Abertridwr
22%
5,932 Bagillt
22%
10,681 Baglan
22%
7,259 Beddau
22%
6,613 Broughton
22%
9,980 Caldicot
22%
8,527 Clydach
22%
16,667 Connah's Quay
22%
6,636 Cross Hands
22%
48,572 Cwmbrân
22%
8,095 Dinas Powis
22%
14,517 Gorseinon
22%
7,643 Gowerton
22%
14,365 Hawarden
22%
7,806 Holywell
22%
8,940 Kinmel Bay
22%
5,650 Llandrindod Wells
22%
5,561 Llangefni
22%
13,405 Mountain Ash
22%
9,782 Pembroke Dock
22%
28,403 Penarth
22%
9,047 Pencoed
22%
5,553 Pontardawe
22%
6,818 Pontarddulais
22%
9,481 Pontllanfraith
22%
5,623 Pontyclun
22%
14,138 Pyle
22%
12,846 Rhosllannerchrugog
22%
15,128 Risca
22%
6,421 Shotton
22%
17,237 Tonypandy
22%
11,989 Tonyrefail
22%
14,460 Tredegar
22%
7,621 Treorchy
22%
6,186 Undy
22%
7,777 Ystalyfera
22%
12,097 Ystrad Mynach
22%
7,074 Acrefair
11%
6,698 Bedwas
11%
9,535 Brynteg
11%
14,236 Church Village
11%
7,112 Gwersyllt
11%
8,769 Llanharan
11%
6,144 Oakdale
11%
13,398 Rhondda
11%
6,837 Rhoose
11%
7,652 Rogerstone
11%
12,020 Sarn
11%
No matching quizzes found
Score Distribution
Percent of People with Each Score
Percentile by Number Answered
Your Score History
You have not taken this quiz